Score 0/25 Timer 08:00
8 Plays Today
% Correct
Who Framed Roger Rabbit
84.9%
Clue
83%
Rear Window
72.5%
Memento
72.2%
Se7en
69.8%
The Maltese Falcon
63.8%
The Hateful Eight
60.6%
Minority Report
58.7%
Murder on the Orient Express
56.4%
Mystic River
55.1%
Zodiac
54.4%
L.A. Confidential
53.6%
Chinatown
53.2%
% Correct
Basic Instinct
52.1%
In the Heat of the Night
48%
Gattaca
36.4%
The Name of the Rose
33.4%
Kiss Kiss Bang Bang
30.3%
From Hell
28.5%
Manhattan Murder Mystery
25.6%
The Big Sleep
21.3%
Presumed Innocent
21%
Gosford Park
18.4%
M
14.4%
Identity
11.1%
Remove Ads.
Support Sporcle.
Get the best of Sporcle when you Go Orange. This ad-free experience offers more features, more stats, and more fun while also helping to support Sporcle. Thank you for becoming a member.

You're not logged in!

Compare scores with friends on all Sporcle quizzes.
OR
Log In

Show Comments

Extras

Top Quizzes Today


Score Distribution

Your Account Isn't Verified!

In order to create a playlist on Sporcle, you need to verify the email address you used during registration. Go to your Sporcle Settings to finish the process.

Report this User

Report this user for behavior that violates our Community Guidelines.

Details: